000
00303nam a2200109Ia 4500
008
220624s9999 xx 000 0 und d
020
_a
1868390098
082
_a
AF JOU
100
_a
Joubert, Junita
_9
107634
245
0
_a
OM DIE LIEFDTE TE EIEN
942
_c
BK
_w
561
_x
John Tresidder
_y
_z
CRON CRON
999
_c
687165
_d
687164